LEADER 00887nam0-2200313---450- 001 990009369820403321 005 20110531084958.0 010 $a978-88-503-3016-4 035 $a000936982 035 $aFED01000936982 035 $a(Aleph)000936982FED01 035 $a000936982 100 $a20110531d2011----km-y0itay50------ba 101 0 $aita 105 $aa-------001yy 200 1 $ae-collaboration$eil senso della rete$emetodi e strumwnti per la collaborazione online$fSancassani...[et al.] 210 $aMilano$cApogeo$d2011 215 $aVIII, 154 p.$cill.$d24 cm 225 1 $aPerCorsi di Studio 610 0 $aWeb 2.0 676 $a025.04 702 1$aSancassani,$bSusanna 801 0$aIT$bUNINA$gRICA$2UNIMARC 901 $aBK 912 $a990009369820403321 952 $aECO025.04A$b19745$fDECBC 959 $aDECBC 996 $aE-collaboration$9762244 997 $aUNINA LEADER 04458oam 2200745I 450 001 9910450259003321 005 20200520144314.0 010 $a1-134-86601-1 010 $a1-280-14924-8 010 $a9786610149247 010 $a0-203-98061-1 024 7 $a10.4324/9780203980613 035 $a(CKB)1000000000247799 035 $a(EBL)238705 035 $a(OCoLC)61451167 035 $a(SSID)ssj0000104039 035 $a(PQKBManifestationID)11120177 035 $a(PQKBTitleCode)TC0000104039 035 $a(PQKBWorkID)10079356 035 $a(PQKB)10167621 035 $a(MiAaPQ)EBC238705 035 $a(Au-PeEL)EBL238705 035 $a(CaPaEBR)ebr10100548 035 $a(CaONFJC)MIL14924 035 $a(OCoLC)654650760 035 $a(EXLCZ)991000000000247799 100 $a20180331d1998 uy 0 101 0 $aeng 135 $aur|n|---||||| 181 $ctxt 182 $cc 183 $acr 200 10$aAnthony Giddens and modern social theory /$fKenneth H. Tucker, Jr 210 1$aLondon ;$aThousand Oaks, Calif. :$cSage,$d1998. 215 $a1 online resource (255 p.) 300 $aDescription based upon print version of record. 311 $a0-415-09572-7 311 $a0-415-09573-5 320 $aIncludes bibliographical references (p. 222-231) and index. 327 $aBOOK COVER; HALF-TITLE; TITLE; COPYRIGHT; DEDICATION; CONTENTS; PREFACE AND ACKNOWLEDGMENTS; 1 INTRODUCTION; WHY GIDDENS AND NOT HABERMAS?; ON THE STYLE AND ARGUMENTATION OF THIS BOOK; PARTING THOUGHTS; 2 ANTHONY GIDDENS ; GIDDENS AND THE END OF SOCIOLOGY; CRITICISMS OF GIDDENS; GIDDENS AND POSTMODERNISM; AN OVERVIEW OF GIDDENS'S MAJOR CRITICS; SUMMARY, AND THE PARAMETERS OF THE PRESENT CRITIQUE; 3 THE NEW VERSUS THE OLD RULES OF SOCIOLOGICAL METHOD; GROUNDING HERMENEUTICS; SCHOPENHAUER'S CRITIQUE OF KANT; SOCIOLOGY AS THE SCIENCE OF DISCOVERIES; THE NORMAL VERSUS THE PATHOLOGICAL 327 $aTHE ONE, WELL-DESIGNED EXPERIMENTCONCLUSIONS; 4 THE ROLE OF DESIRE IN AGENCY AND STRUCTURE; DENATURING THE HUMAN AGENT; FAITH AND TRUST; SEARCHING FOR THE HEART OF SOCIOLOGY; HOW GIDDENS ATTEMPTS TO ACCOUNT FOR EMOTION IN HUMAN HISTORY; THE PARADOX OF AGENCY LEADING TO LESS AGENCY; DURKHEIM'S DEPICTION OF FAITH IN RELATION TO EMOTIONAL LIFE; THE EMOTIONAL COMPONENTS OF SOCIAL STRUCTURE; CONCLUSIONS AND IMPLICATIONS; 5 GIDDENS'S POLITICAL SOCIOLOGY; GIDDENS'S CRITIQUE OF MARX; ELABORATING GIDDENS'S POSITION ON NATIONALISM AND THE NATION-STATE; GIDDENS ON POST-TRADITION 327 $aGIDDENS'S VERSION OF THE END OF HISTORYTHE MEANINGS OF BOSNIA; FROM BOSNIA TO RUSSIA; CONCLUSIONS; 6 GIDDENS'S MODERNISM LITE; THE MUTUAL UNAWARENESS OF GIDDENS AND BAUDRILLARD; POSTMODERNITY TRANSFORMED INTO MODERNITY LITE; THE ROLE OF THE INFORMATION MEDIA; CONCLUSIONS; 7 UNLIMITED AGENCY AS THE NEW ANOMIE; PARTIAL AGENCY; MENTAL ILLNESS AS A PROBLEM WITH AGENCY; CAN EXCESSIVE AGENCY LEAD TO ANOMIE?; LAYING THE GROUNDWORK FOR A RECONTEXTUALIZED READING OF DURKHEIM'S CONCEPT OF ANOMIE; ANOMIE AS SECULAR SIN; CONCLUSIONS AND IMPLICATIONS; 8 CONCLUSIONS; MIXING METAPHORS 327 $aCONTEMPORARY SOCIOLOGISTS AS THE LEISURE CLASSSUMMARY; NOTES; REFERENCES; INDEX 330 $aAnthony Giddens is arguably the world's leading sociologist. In this controversial contribution to the Giddens debate, Stjepan Mestrovic takes up and criticizes the major themes of his work - particularly the concept of 'high modernity' as opposed to 'postmodernity' and his attempted construction of a 'synthetic' tradition based on human agency and structure.
Testing Giddens' theories against what is happening in the real world from genocide in Africa to near secession in Quebec, Mestrovic discerns in the construction of synthetic traditions not the promise of freedom held out by Giddens b 606 $aSociology$xMethodology 606 $aPostmodernism 606 $aSocial structure 606 $aSociology$zGreat Britain 608 $aElectronic books. 615 0$aSociology$xMethodology. 615 0$aPostmodernism. 615 0$aSocial structure. 615 0$aSociology 676 $a301.01 676 $a301.092 676 $a301/.01 676 $a306.092 700 $aTucker$b Kenneth H.$0476415 801 0$bMiAaPQ 801 1$bMiAaPQ 801 2$bMiAaPQ 906 $aBOOK 912 $a9910450259003321 996 $aAnthony Giddens and modern social theory$9244112 997 $aUNINA LEADER 04934nam 2200781Ia 450 001 9910141288303321 005 20231215205831.0 010 $a1-118-23185-6 010 $a1-78539-342-1 010 $a1-280-59852-2 010 $a9786613628350 010 $a1-118-23182-1 010 $a1-118-23183-X 010 $a1-118-23184-8 035 $a(CKB)2670000000170083 035 $a(EBL)881734 035 $a(OCoLC)784885785 035 $a(SSID)ssj0000632639 035 $a(PQKBManifestationID)11463189 035 $a(PQKBTitleCode)TC0000632639 035 $a(PQKBWorkID)10609929 035 $a(PQKB)11165801 035 $a(MiAaPQ)EBC881734 035 $a(Au-PeEL)EBL881734 035 $a(CaPaEBR)ebr10560617 035 $a(CaONFJC)MIL362835 035 $a(EXLCZ)992670000000170083 100 $a20111202d2012 uy 0 101 0 $aeng 135 $aur|n|---||||| 181 $ctxt 182 $cc 183 $acr 200 00$aBiodiversity and pests$b[electronic resource] $ekey issues for sustainable management /$fedited by Geoff M. Gurr, Steve D. Wratten, William E. Snyder ; with Donna M.Y. Read 210 $aChichester, West Sussex, UK ;$aHoboken, NJ $cJohn Wiley & Sons$d2012 215 $a1 online resource (370 p.) 300 $aDescription based upon print version of record. 311 $a0-470-65686-7 320 $aIncludes bibliographical references and index. 327 $aBIODIVERS ITY AND INSECT PESTS; Contents; Preface; Foreword; Contributors; Introduction; Chapter 1: Biodiversity and insect pests; Fundamentals; Chapter 2: The ecology of biodiversity- biocontrol relationships; Chapter 3: The role of generalist predators in terrestrial food webs: lessons for agricultural pest management; Chapter 4: Ecologicale conomics of biodiversity use for pest management; Chapter 5: Soil fertility, biodiversity and pest management; Chapter 6:Plant biodiversity as a resource for natural products for insect pestmanagement 327 $aChapter 7: The ecology and utility of local and landscape scale effects in pest managementMethods; Chapter 8: Scale effects in biodiversity and biological control: methods and statistical analysis; Chapter 9: Pick and mix: selecting flowering plants to meet the requirements of target biological control insects; Chapter 10: The molecular revolution: using polymerase chain reaction Based methods to explore the role of predators in terrestrial food webs; Chapter 11: Employing Chemical Ecology to Understand and Exploit Biodiversity for Pest Management; Application 327 $aChapter 12: Using Decision Theory and Sociological Tools to Facilitate Adoption of Biodiversity-Based Pest Management StrategiesChapter 13: Ecological Engineering Strategies to Manage Insect Pests in Rice; Chapter 14: China's 'Green Plant Protection' Initiative: Coordinated Promotion Of Biodiversity-Related Technologies; Chapter 15: Diversity and Defence: Plant-Herbivore Interactions at Multiple Scales and Trophic Levels; Chapter 16: 'Push-Pull' Revisited: The Process of Successful Deployment of a Chemical Ecology Based Pest Management Tool 327 $aChapter 17: Using native plant species to diversify agricultureChapter 18: Using biodiversity for pest suppression in urban landscapes; Chapter 19: Cover crops and related methods for enhancing agricultural biodiversity and conservation biocontrol: successful case studies; Synthesis; Chapter 20: Conclusion: biodiversity as an asset rather than a burden; Index 330 $aBiodiversity offers great potential for managing insect pests. It provides resistance genes and anti-insect compounds; a huge range of predatory and parasitic natural enemies of pests; and community ecology-level effects operating at the local and landscape scales to check pest build-up. This book brings together world leaders in theoretical, methodological and applied aspects to provide a comprehensive treatment of this fast-moving field. Chapter authors from Europe, Asia, Africa, Australasia and the Americas ensure a truly international scope. Topics range from scientific principles, innov 606 $aAgricultural pests$xControl 606 $aAgrobiodiversity 606 $aBiodiversity 606 $aInsect pests$xControl 606 $aSustainability 606 $aSustainable agriculture 615 0$aAgricultural pests$xControl. 615 0$aAgrobiodiversity. 615 0$aBiodiversity. 615 0$aInsect pests$xControl. 615 0$aSustainability. 615 0$aSustainable agriculture. 676 $a363.7/8 701 $aGurr$b Geoff$0949367 701 $aRead$b Donna M. Y$0949368 701 $aSnyder$b William E.$f1969-$01451817 701 $aWratten$b Stephen D$0905615 801 0$bMiAaPQ 801 1$bMiAaPQ 801 2$bMiAaPQ 906 $aBOOK 912 $a9910141288303321 996 $aBiodiversity and pests$93652710 997 $aUNINA